[Event "Ferrol op 32th"]
[Site "Ferrol"]
[Date "2017.07.24"]
[Round "9"]
[White "Del Rio Suarez, Emilio"]
[Black "Lopez Rodriguez, Miguel"]
[Result "0-1"]
[WhiteElo "1275"]
[BlackElo "1120"]
[PlyCount "122"]
[EventDate "2017.07.16"]
[EventType "swiss"]
[EventRounds "9"]
[EventCountry "ESP"]
[SourceTitle "EXT 2024"]
[Source "ChessBase"]
[SourceDate "2023.10.10"]
[SourceVersion "1"]
[SourceVersionDate "2023.10.10"]
[SourceQuality "1"]

1. e4 c5 2. Nc3 e6 3. Nf3 a6 4. Bc4 b5 5. Be2 b4 6. Na4 Bb7 7. d3 Nf6 8. Bg5 Be7 9. b3 0-0 10. 0-0 Nc6 11. Rb1 Qc7 12. Qc1 Ng4 13. Bxe7 Nd4 14. Re1 Nxf3+ 15. Bxf3 Nxh2 16. Bxf8 Nxf3+ 17. gxf3 Rxf8 18. Qe3 f5 19. Qxc5 Qf4 20. Qe3 Qh4 21. Kf1 fxe4 22. dxe4 d5 23. Ke2 dxe4 24. Rh1 exf3+ 25. Kd2 Rd8+ 26. Kc1 Qxh1+ 27. Kb2 Qh3 28. Nc5 Bc8 29. Rg1 Qf5 30. Nd3 a5 31. Qe5 Qxe5+ 32. Nxe5 Bb7 33. Kc1 g6 34. Rg3 Rf8 35. Nc4 Bd5 36. Nxa5 Ra8 37. Nc4 Bxc4 38. bxc4 Rc8 39. Rxf3 Rxc4 40. Re3 Rf4 41. f3 Kf7 42. Kd2 h5 43. Ke2 h4 44. Kf2 Kf6 45. Kg2 Kf5 46. Kh3 g5 47. Rd3 Rc4 48. Rd2 Kf4 49. Rf2 Ke3 50. Kg2 h3+ 51. Kg3 Rh4 52. Rh2 Rf4 53. Kxh3 Rxf3+ 54. Kg4 Rf5 55. Rh3+ Kd2 56. Rh2+ Kc3 57. Rg2 Rf8 58. Rh2 Rg8 59. Re2 Ra8 60. Kxg5 Rxa2 61. Rxe6 Rxc2 0-1